000 00664nam a2200229Ia 4500
003 OSt
005 20221006164445.0
006 a|||||r|||| 00| 0
007 ta
008 221006b |||||||| |||| 00| 0 hin d
024 _a6,460
037 _cTextual
040 _aFML
_cFML
_bhin
041 _2hin
_ahin
082 _aNRV33, Q4 -;1
100 _aSaral Bhimsen Mohan Au.
_9677524
245 0 _aTabla Sangat Evam Kalakar, Sthan, Stithi Aur Yogdan
260 _aNew Delhi
_bKanishka Publishers, Distributors India
_c2014
300 _a408
_ccm.
942 _hNRV33, Q4 -;1
_cTEXL
_2CC
999 _c1117328
_d1117328